00000000cam 2200000zi 4500
0019.959844
003CaOODSP
00520260629094352
006m     o  d f      
007cr mn|||||||||
008260212e202603##quc     o    f000 0 fre d
020 |a9780660984087
040 |aCaOODSP|bfre|erda|cCaOODSP
0410 |afre|beng|bfre
043 |an-cn---
0861 |aR62-557/2025F-PDF
24500|aÉtude de suivi de Parcs Canada 2025 : |brapport méthodologique / |cpréparé pour l'Agence de Parcs Canada.
264 1|aGatineau QC : |bParcs Canada = Parks Canada, |cmars 2026.
264 4|c©2025
300 |a1 ressource en ligne (18 pages)
336 |atexte|btxt|2rdacontent/fre
337 |ainformatique|bc|2rdamedia/fre
338 |aressource en ligne|bcr|2rdacarrier/fre
500 |aPublié aussi en anglais sous le titre : Parks Canada tracking study 2025 : methods report.
500 |a« Fournisseur : Advanis Inc. »
500 |a« N° du contrat : CW2407531. »
500 |a« Date de livraison : 13 mars 2026. »
500 |a« N° d'inscription : ROP 004-25. »
500 |aCet avis ne comprend que la rapport méthodologique en format PDF, l'ensemble complet de données contenant tous les tableaux de données vague en format CSV peut être téléchargé gratuitement à https://epe.lac-bac.gc.ca/
520 |a« L'Étude de suivi de Parcs Canada 2025 visait à recueillir les connaissances et la sensibilisation générale de la population canadienne adulte à l'égard de l'Agence Parcs Canada et des questions interfonctionnelles essentielles pour aider à éclairer les programmes et services, et à l'égard de l'efficacité de ses efforts en matière de communication » -- Contexte et objectifs, page 3.
546 |aTexte en français, questionnaire en anglais et français.
61026|aParcs Canada|xOpinion publique.
650 6|aParcs nationaux|zCanada|xOpinion publique.
650 6|aLieux historiques|zCanada|xOpinion publique.
650 6|aTourisme culturel|zCanada|xOpinion publique.
650 6|aVoyage|xOpinion publique.
650 6|aOpinion publique|zCanada.
7102 |aParcs Canada, |eorganisme de publication.
7102 |aAdvanis (Firme), |econsultant.
77508|tParks Canada tracking study 2025 : |w(CaOODSP)9.959843
795 |tEnquête de suivi de Parcs Canada 2023 et 2024 : |w(CaOODSP)9.947676
85640|qPDF|s365 Ko|uhttps://publications.gc.ca/collections/collection_2026/pc/R62-557-2025-eng.pdf|zRapport méthodologique
8564 |qHTML|sS.O.|uhttps://epe.lac-bac.gc.ca/100/200/301/pwgsc-tpsgc/por-ef/parks_canada/2026/004-25-f/004-25-rapport.htm|zRapport méthodologique
8564 |qHTML|sS.O.|uhttps://epe.lac-bac.gc.ca/100/200/301/pwgsc-tpsgc/por-ef/parks_canada/2026/004-25-f/index.html|zEnsemble de données complet